000 01052nam a22002657a 4500
003 OSt
005 20140813213002.0
008 140812b xxu||||| |||| 00| 0 eng d
020 _a92-75-32151-5
040 _cBMC
082 _a612.6
082 _a305.231
100 1 _923720
_aCalderón, Gladys Medellín
245 1 0 _aCrecimiento y desarrollo del ser humano
_b: atención primaria de salud
_cGladys Medellín Calderón, Esther Cilia Tascón ; colaboradora, Edelmira Castillo Espitia
260 _a[Washington]
_bOrganización Panamericana de la Salud
_c1995
300 _a2 v.
_bil.
_c23 cm
505 _aContiene: t. I: Nacimiento a edad preescolar - t. II: Edad escolar a adulto mayor
594 _1En la port.: Universidad del Valle, Facultad de Salud, Escuela de Enfermería
650 2 4 _98157
_aCrecimiento humano
650 2 4 _99806
_aNiños
_xDesarrollo
700 1 _923721
_aTascón, Esther Cilia
700 1 _923722
_aCastillo Espitia, Edelmira
710 0 _923749
_aUniversidad del Valle
_bEscuela de Enfermería
942 _2ddc
_cBK
999 _c12954
_d12954